00481nam a22001577a 450000500170000001000150001702000260003203500140005803700130007208200120008510000170009724500620011426000350017627000870021130000250029820220818145109.0 aENG-134505 a9788192238579c490.00 aEN-118037 bDBAD/PUB a881.912 aMishra, S.D. aT.S. Eliot: The Rejuvenator of Poetic Drama/cS.D. Mishra aDelhibHemadri Prakashanc2012 a1/1955, Street No. 22-A, East Ram Nagar Near Durga Mandir, ShahdarabDelhie110032 axii, 164p.c22cm(hb)